| 000 | 00403 a2200109 4500 | ||
|---|---|---|---|
| 001 | ART_23498 | ||
| 005 | 20260410161931.0 | ||
| 008 | 260409a | ||
| 245 | 1 | 0 | _aTeoría de los contratos comerciales en general |
| 100 | 1 | _aFontanarrosa, Rodolfo O. | |
| 773 | 0 |
_tRevista de la Facultad de Ciencias Económicas de la Universidad de Cuyo _g- Año XIX, Nº 55/56 (ene./ago. 1967) _wREV22981 |
|
| 999 |
_c28579 _d28579 |
||